• 首页
  • 本馆介绍
  • 公告通知
  • 最新文献
  • 馆藏检索
  • 电子资源
  • 读者导购
  • 参考咨询
  • 我的图书馆
  • 登录
  • 详细信息显示
  • 放入我的书架
  • 预约/预借图书
  • 作者相关作品
  • 分类相关作品
  • 丛书相关作品
  • 出版社相关作品

书目信息

  • 表格格式
  • 工作单格式
  • 卡片格式
题名:
住房公积金和住宅专项维修基金政策法规文件选编
    
 
作者: ;审计署 编
分册:  
出版信息: 北京   中国时代经济出版社  2019
页数: 348页
开本: 24cm
丛书名:
单 册:
中图分类: F299.2 , D922.309
科图分类:
主题词: 住房基金--zhu fang ji jin--财政政策--中国--汇编 , 住房基金--zhu fang ji jin--法规--中国--汇编
电子资源:
ISBN: 978-7-5119-2913-6
000 01164nam0 2200253 450
001 2329680329
005 20230929081452.27
010    @a978-7-5119-2913-6@dCNY69.00
100    @a20200331d2019 em y0chiy50 ea
101 0  @achi
102    @aCN@b110000
105    @ay z 000yy
200 1  @a住房公积金和住宅专项维修基金政策法规文件选编@AZhu Fang Gong Ji Jin He Zhu Zhai Zhuan Xiang Wei Xiu Ji Jin Zheng Ce Fa Gui Wen Jian Xuan Bian@f审计署社会保障审计司编
210    @a北京@c中国时代经济出版社@d2019
215    @a348页@d24cm
330    @a本书梳理了从1994年建立住房公积金制度以来有关住房公积金和公共维修基金的政策、法规、文件,旨在帮助读者了解和掌握住房公积金以及公共维修基金的政策,维护广大读者的切身利益。同时,帮助审计人员在开展审计工作时,更方便快捷地查询相关政策文件。
333    @a住房基金政策研究者及相关读者。
606 0  @a住房基金@Azhu fang ji jin@x财政政策@y中国@j汇编
606 0  @a住房基金@Azhu fang ji jin@x法规@y中国@j汇编
690    @aF299.2@v5
690    @aD922.309@v5
711 02 @a审计署@Ashen ji shu@b社会保障审计司@Bshe hui bao zhang shen ji si@4编
801  0 @aCN@b山东中教书店首都发行所有限公司@c20230928
905    @aBZT@dF299.2@e22
    
    住房公积金和住宅专项维修基金政策法规文件选编/审计署社会保障审计司编.-北京:中国时代经济出版社,2019
    348页;24cm
    使用对象:住房基金政策研究者及相关读者。
    
    ISBN 978-7-5119-2913-6:CNY69.00
    本书梳理了从1994年建立住房公积金制度以来有关住房公积金和公共维修基金的政策、法规、文件,旨在帮助读者了解和掌握住房公积金以及公共维修基金的政策,维护广大读者的切身利益。同时,帮助审计人员在开展审计工作时,更方便快捷地查询相关政策文件。
●
相关链接 在五车中查询图书 在当当中查询图书 在豆瓣中查询图书


正题名:住房公积金和住宅专项维修基金政策法规文件选编     索取号:F299.2/22         预约/预借

序号 登录号 条形码 馆藏地/架位号 状态 备注
1 2000971301   2000971301   第四书库/四6架A面2层2列/ [索取号:F299.2/22] 在馆    
2 2000971302   2000971302   第四书库/四6架A面2层2列/ [索取号:F299.2/22] 在馆    
3 2000971303   2000971303   第四书库/四6架A面2层2列/ [索取号:F299.2/22] 在馆    
4 2000971304   2000971304   第四书库/四6架A面2层2列/ [索取号:F299.2/22] 在馆    
5 2000971305   2000971305   第四书库/四6架A面2层2列/ [索取号:F299.2/22] 在馆    
6 2000971306   2000971306   第四书库/四6架A面2层2列/ [索取号:F299.2/22] 在馆    
山东省滨州职业学院图书馆 欢迎您!
大连网信软件有限公司© 版权所有